<?xml version="1.0" encoding="UTF-8"?>
<record
    xmlns:xsi="http://www.w3.org/2001/XMLSchema-instance"
    xsi:schemaLocation="http://www.loc.gov/MARC21/slim http://www.loc.gov/standards/marcxml/schema/MARC21slim.xsd"
    xmlns="http://www.loc.gov/MARC21/slim">

  <leader>00565nam a22002177a 4500</leader>
  <datafield tag="999" ind1=" " ind2=" ">
    <subfield code="c">2028</subfield>
    <subfield code="d">2028</subfield>
  </datafield>
  <controlfield tag="003">SLTCLib</controlfield>
  <controlfield tag="008">260610b        ce ||||| |||| 00| 0 eng d</controlfield>
  <datafield tag="020" ind1=" " ind2=" ">
    <subfield code="a">9781292402727</subfield>
  </datafield>
  <datafield tag="041" ind1=" " ind2=" ">
    <subfield code="a">English </subfield>
  </datafield>
  <datafield tag="080" ind1=" " ind2=" ">
    <subfield code="a">658:001.8</subfield>
    <subfield code="b">SAU</subfield>
  </datafield>
  <datafield tag="100" ind1=" " ind2=" ">
    <subfield code="a">Saunders, Mark N. K.</subfield>
    <subfield code="9">3580</subfield>
  </datafield>
  <datafield tag="245" ind1=" " ind2=" ">
    <subfield code="a">Research Methods for Business Students</subfield>
  </datafield>
  <datafield tag="250" ind1=" " ind2=" ">
    <subfield code="a">9th ed</subfield>
  </datafield>
  <datafield tag="260" ind1=" " ind2=" ">
    <subfield code="a">Harlow</subfield>
    <subfield code="b">Pearson</subfield>
    <subfield code="c">2023</subfield>
  </datafield>
  <datafield tag="300" ind1=" " ind2=" ">
    <subfield code="a">860p.</subfield>
  </datafield>
  <datafield tag="650" ind1=" " ind2="0">
    <subfield code="9">2221</subfield>
    <subfield code="a"> Business Research</subfield>
  </datafield>
  <datafield tag="650" ind1=" " ind2="0">
    <subfield code="9">932</subfield>
    <subfield code="a">Business</subfield>
  </datafield>
  <datafield tag="700" ind1=" " ind2=" ">
    <subfield code="9">3578</subfield>
    <subfield code="a">Lewis, Philip</subfield>
  </datafield>
  <datafield tag="700" ind1=" " ind2=" ">
    <subfield code="9">3579</subfield>
    <subfield code="a">Thornhill, Adrian</subfield>
  </datafield>
  <datafield tag="942" ind1=" " ind2=" ">
    <subfield code="2">ddc</subfield>
    <subfield code="c">MRE</subfield>
  </datafield>
  <datafield tag="945" ind1=" " ind2=" ">
    <subfield code="a">3725</subfield>
    <subfield code="b">Ishara wickramage</subfield>
    <subfield code="c">3725</subfield>
    <subfield code="d">Ishara wickramage</subfield>
  </datafield>
  <datafield tag="952" ind1=" " ind2=" ">
    <subfield code="0">0</subfield>
    <subfield code="1">0</subfield>
    <subfield code="2">lcc</subfield>
    <subfield code="4">0</subfield>
    <subfield code="7">0</subfield>
    <subfield code="a">SLTC</subfield>
    <subfield code="b">SLTC</subfield>
    <subfield code="c">RES</subfield>
    <subfield code="d">2026-06-10</subfield>
    <subfield code="e">Purchased</subfield>
    <subfield code="g">31820.00</subfield>
    <subfield code="o">658:001.8 SAU</subfield>
    <subfield code="p">003419</subfield>
    <subfield code="r">2026-06-10</subfield>
    <subfield code="w">2026-06-10</subfield>
    <subfield code="y">MRE</subfield>
  </datafield>
  <datafield tag="952" ind1=" " ind2=" ">
    <subfield code="0">0</subfield>
    <subfield code="1">0</subfield>
    <subfield code="2">ddc</subfield>
    <subfield code="4">0</subfield>
    <subfield code="7">0</subfield>
    <subfield code="a">SLTC</subfield>
    <subfield code="b">SLTC</subfield>
    <subfield code="c">RES</subfield>
    <subfield code="d">2026-06-10</subfield>
    <subfield code="e">Purchased</subfield>
    <subfield code="g">31820.00</subfield>
    <subfield code="o">658:001.8 SAU</subfield>
    <subfield code="p">003420</subfield>
    <subfield code="r">2026-06-10</subfield>
    <subfield code="w">2026-06-10</subfield>
    <subfield code="y">MRE</subfield>
  </datafield>
</record>
